Analyzing educational careers: a multinational transition model (Record no. 46775)

000 -LEADER
fixed length control field 00466pab a2200169 454500
008 - FIXED-LENGTH DATA ELEMENTS--GENERAL INFORMATION
fixed length control field 180718b2000 xxu||||| |||| 00| 0 eng d
100 ## - MAIN ENTRY--PERSONAL NAME
Personal name Breen, Richard
245 ## - TITLE STATEMENT
Title Analyzing educational careers: a multinational transition model
260 ## - PUBLICATION, DISTRIBUTION, ETC.
Date of publication, distribution, etc. 2000
300 ## - PHYSICAL DESCRIPTION
Extent p.754-72
362 ## - DATES OF PUBLICATION AND/OR SEQUENTIAL DESIGNATION
Dates of publication and/or sequential designation Oct
650 ## - SUBJECT ADDED ENTRY--TOPICAL TERM
Topical term or geographic name entry element Educational opportunities
650 ## - SUBJECT ADDED ENTRY--TOPICAL TERM
Topical term or geographic name entry element Education and employment
700 ## - ADDED ENTRY--PERSONAL NAME
Personal name Jonsson, Jan O.
773 ## - HOST ITEM ENTRY
Main entry heading American Sociological Review
909 ## -
-- 46775
Holdings
Withdrawn status Lost status Damaged status Not for loan Permanent Location Current Location Date acquired Serial Enumeration / chronology Barcode Date last seen Price effective from Koha item type
        Indian Institute of Public Administration Indian Institute of Public Administration 2018-07-19 Volume no: 65, Issue no: 5 AR47203 2018-07-19 2018-07-19 Articles

Powered by Koha